000 00882cam a2200205 i 4500
999 _c58237
_d58237
001 18132023
005 20210927132158.0
008 140429s2015 enk b 001 0 eng
020 _a9780415728010
080 _a378.125 C-25
100 1 _aCarroll, Jude.
_912518
245 1 0 _aTools for teaching in an educationally mobile world /
_cJude Carroll.
264 1 _aLondon ;
_aNew York :
_bRoutledge, Taylor & Francis Group,
_c2015.
300 _a203 pages ;
_c24 cm.
490 0 _aInternationalization in higher education series
653 _aსწავლების ინსტრუმენტები საგანმანათლებლო მობილურ სამყაროში
653 _aკოლეჯის სწავლება
653 _aტრანსნაციონალური განათლება
942 _2udc
_cBK